| 000 | 00452nam a2200181Ia 4500 | ||
|---|---|---|---|
| 003 | LK-CoDNM | ||
| 005 | 20240920145445.0 | ||
| 008 | 010623t xxu||||| |||| 00| 1 eng d | ||
| 040 |
_aLK-CoDNM _dLK-CoDNM _eLK-CoDNM |
||
| 041 | _aeng | ||
| 080 |
_a15 _bD11 |
||
| 100 | _aElders,P.M. | ||
| 245 | _aThe Charter and Rules and Orders | ||
| 260 |
_bGovernment Press _aColombo |
||
| 300 | _biii, 156p. ; 27 cm | ||
| 650 | _aSupreme Court | ||
| 942 | _cBK | ||
| 999 |
_c136044 _d136044 |
||